书目信息 |
| 题名: |
常用低压电器与电气控制技术问答
|
|
| 作者: | 闫和平 主编 | |
| 分册: | ||
| 出版信息: | 北京 机械工业出版社 2006.04 |
|
| 页数: | 18, 390页 | |
| 开本: | 21cm | |
| 丛书名: | 电工实用技术问答丛书 | |
| 单 册: | ||
| 中图分类: | TM52 | |
| 科图分类: | ||
| 主题词: | 低压电器--di ya dian qi--问答 | |
| 电子资源: | ||
| ISBN: | 7-111-18462-9 | |
| 000 | 00951nam 2200253 450 | |
| 001 | 012006746797 | |
| 005 | 20060919110141.32 | |
| 010 | @a7-111-18462-9@dCNY24.00 | |
| 100 | @a20060617d2006 km y0chiy0120 ea | |
| 101 | 0 | @achi |
| 102 | @aCN@b110000 | |
| 105 | @aa a 000yy | |
| 200 | 1 | @a常用低压电器与电气控制技术问答@Achang yong di ya dian qi yu dian qi kong zhi ji shu wen da@f闫和平主编@Fyan he ping zhu bian |
| 210 | @a北京@c机械工业出版社@d2006.04 | |
| 215 | @a18, 390页@c图@d21cm | |
| 225 | 2 | @a电工实用技术问答丛书@Adian gong shi yong ji shu wen da cong shu |
| 320 | @a有书目。 | |
| 330 | @a本书内容包括低压电器基础知识、隔离器、刀开关、熔断器、断路器、接触器、继电器、起动器、主令电器、漏电保护电器、常用电气控制线路等。 | |
| 410 | 0 | @12001 @a电工实用技术问答丛书 |
| 606 | 0 | @a低压电器@Adi ya dian qi@x问答 |
| 690 | @aTM52@v4 | |
| 701 | 0 | @a闫和平@Ayan he ping@4主编 |
| 801 | 0 | @aCN@bQSSK@c20060919 |
| 905 | @a10447@dTM52@eY089 | |
| 常用低压电器与电气控制技术问答/闫和平主编.-北京:机械工业出版社,2006.04 |
| 18, 390页:图;21cm.-(电工实用技术问答丛书) |
| ISBN 7-111-18462-9:CNY24.00 |
| 本书内容包括低压电器基础知识、隔离器、刀开关、熔断器、断路器、接触器、继电器、起动器、主令电器、漏电保护电器、常用电气控制线路等。 |
| ● |
| 相关链接 |
|
|
|
正题名:常用低压电器与电气控制技术问答
索取号:TM52/Y089
 
预约/预借
| 序号 | 登录号 | 条形码 | 馆藏地/架位号 | 状态 | 备注 |
| 1 | 588335 | 205883356 | 自科二线404/404自科库 18排6列2层/ [索取号:TM52/Y089] | 在馆 | |
| 2 | 588336 | 205883365 | 自科库301/301自科库 12排4列3层/ [索取号:TM52/Y089] | 在馆 | |
| 3 | 588337 | 205883374 | 自科库301/301自科库 12排4列3层/ [索取号:TM52/Y089] | 在馆 |